| 000 | 02309cam a22005174i 4500 | ||
|---|---|---|---|
| 003 | PE-LiUPU | ||
| 005 | 20250731172826.0 | ||
| 008 | 150617s1974 ag r 000 0 spa d | ||
| 035 | _a(Sirsi) a15098 | ||
| 040 |
_aPE-LiUPU _bspa _cPE-LiUPU _erda |
||
| 049 | _aPRUA | ||
| 082 | 0 | 4 |
_a270 _bB164 _221 |
| 100 | 1 |
_aBaker, Robert A., _eautor. |
|
| 245 | 1 | 0 |
_aCompendio de historia cristiana / _cRobert A. Baker. |
| 264 | 1 |
_aBuenos Aires : _bCasa Bautista de Publicaciones, _c1974. |
|
| 300 |
_a372 páginas ; _c21 centímetros |
||
| 336 |
_atext _2rdacontent |
||
| 337 |
_aunmediated _2rdamedia |
||
| 338 |
_avolume _2rdacarrier |
||
| 505 | 0 | _aPeríodo de los comienzos cristianos -- Período de dominación pagana -- El período de desarrollo papal -- El período de la reforma occidental -- Período de la intrusión del regionalismo -- Período de secularización general. | |
| 526 | _aSEG42 | ||
| 526 | _aSEG41 | ||
| 526 | _aSEG40 | ||
| 526 | _aSEG39 | ||
| 526 | _aP94 | ||
| 526 | _aP87 | ||
| 526 | _aP86 | ||
| 526 | _aP85 | ||
| 526 | _aP77 | ||
| 526 | _aP76 | ||
| 526 | _aP35 | ||
| 650 | 0 | 4 | _aIglesia catolicaxhistoria. |
| 910 |
_ajck _bjvq _cjck _d20150616 |
||
| 910 |
_ajck _bncf _cncf _d20160926 |
||
| 942 |
_2ddc _cBOOK |
||
| 949 |
_a270 B164 _wDEWEY _c1 _i17971 _lCCODEBUL1 _mBUL _p15.89 _r0 _sY _tBOOK _u19800623 _xTEOLOGIA _PP35 _0COMPRA _o.STAFF. Colección Teología |
||
| 949 |
_a270 B164 _wDEWEY _c2 _i15653 _lCCODEBUL1 _mBUL _p15.89 _r0 _sY _tBOOK _u19800623 _xTEOLOGIA _PP35 _0COMPRA _o.STAFF. Colección Teología |
||
| 994 |
_aC0 _bPEPRU |
||
| 596 | _a1 | ||
| 999 |
_a270 B164 _wDEWEY _c5648 _i17971 _d5648 _e2015-11-22 _f2022-6-6 _g1 _lCCODEBUL1 _mBUL _n2 _r0 _sY _tBOOK _u2015-6-17 _xTEOLOGIA _PP35 _0COMPRA _o.STAFF. Colección General |
||
| 999 |
_a270 B164 _wDEWEY _c2 _i15653 _d2015-11-19 _e2015-11-18 _f2022-6-6 _g1 _lCCODEBUL1 _mBUL _n5 _r0 _sY _tBOOK _u2015-6-17 _xTEOLOGIA _PP35 _0COMPRA _o.STAFF. Colección General |
||
| 999 |
_a270 B164 _wDEWEY _c3 _i75133 _d2018-10-30 _e2018-10-5 _f2021-11-12 _g6 _lCCODEBUL1 _mBUL _n7 _p15.89 _q8 _r0 _sY _tBOOK _u2016-10-17 _xTEOLOGIA _PP35 _0COMPRA _o.STAFF. Colección Teología |
||
| 980 |
_81 _gALBERTO SANCHEZ Responsable de Automatización |
||